The Daffodil affair /

Bibliographic Details
Main Author: Innes, Michael, 1906-1994
Format: Book
Language:English
Published: New York : Penguin Books, 1964

MARC

Tag First Indicator Second Indicator Subfields
LEADER 00000cam a2200000Mi 4500
001 in00002000425
005 20151031130444.0
008 910404t19641942nyu 000 1 eng d
020 |a 014011498X (pbk.) 
035 |a (OCoLC)ocm48756273 
040 |a MNU  |c MNU  |d UtOrBLW 
049 |a TXAM 
050 0 0 |a PZ3.S85166  |b Daf10  |a PR6037.T466 
082 0 |a 823/.9/12 
090 |a PR6037.T466  |b D34 
100 1 |a Innes, Michael,  |d 1906-1994. 
245 1 4 |a The Daffodil affair /  |c by Michael Innes. 
264 1 |a New York :  |b Penguin Books,  |c 1964 
264 4 |c ©1942 
300 |a 202 pages ;  |c 18 cm. 
336 |a text  |b txt  |2 rdacontent 
337 |a unmediated  |b n  |2 rdamedia 
338 |a volume  |b nc  |2 rdacarrier 
536 |a From the Biblioteca Asensio April 2004. 
948 |a cataloged  |b h  |c 2004/11/3  |d c  |e cmulkey  |f 9:05:42 am 
994 |a C0  |b TXA 
999 |a MARS 
999 f f |s 96e7112b-9d3f-3aa1-9961-dfc65b0866d3  |i 4f735767-04b9-3cac-b7c1-ff05f3416351  |t 0 
952 f f |p ric  |a Texas A&M University  |b Rellis Campus  |c Joint Library Facility  |d Remote Storage  |t 0  |e PR6037.T466 D34  |h Library of Congress classification  |i unmediated -- volume  |m A14832275599 
998 f f |a PR6037.T466 D34  |t 0  |l Remote Storage